|
|
|
|
| LEADER |
00000nam0a2200000 4500 |
| 001 |
675683 |
| 005 |
20241018135543.0 |
| 090 |
|
|
|a 675683
|
| 100 |
|
|
|a 20241018d1962 m||y0rusy50 ba
|
| 101 |
0 |
|
|a rus
|a ger
|
| 102 |
|
|
|a DE
|
| 105 |
|
|
|a y e 000yy
|
| 181 |
|
0 |
|a i
|b e
|
| 182 |
|
0 |
|a n
|
| 183 |
|
0 |
|a nc
|2 RDAcarrier
|
| 200 |
1 |
|
|a Worterbuch deutch-russisch
|f Edmund Daum, Werner Schenk
|
| 203 |
|
|
|a Текст
|b визуальный
|c непосредственный
|
| 210 |
|
|
|a leipzig
|c Veb Verlag Enzyklopadie
|d 1962
|
| 215 |
|
|
|a 719 p.
|
| 283 |
|
|
|a volume
|2 RDAcarrier
|
| 606 |
1 |
|
|a Немецкий язык
|x Лексикография
|x Словари
|9 64625
|
| 610 |
1 |
|
|a немецко-русские словари
|
| 610 |
1 |
|
|a русский язык
|
| 610 |
1 |
|
|a лексика
|
| 686 |
|
|
|2 rubbk
|a Ш143.24-4
|
| 700 |
|
1 |
|a Daum
|b E.
|g Edmund
|
| 701 |
|
1 |
|a Schenk
|b W.
|g Werner
|
| 801 |
|
0 |
|a RU
|b 63413507
|c 20241018
|
| 830 |
|
|
|a Ретро2024Каталогизация Кузнецова
|
| 850 |
|
|
|a 63413507
|
| 942 |
|
|
|c BK
|